000 00608nam a2200193Ia 4500
003 GCL
008 140319s9999 xx 000 0 ara d
040 _aGCL /
_cGCL
082 0 4 _a621.3841
_bف ص
100 1 _aفاروق محمد العامرى
245 1 0 _aصيانة وهندسة الراديو /
_cفاروق محمد العامرى
700 1 _aفاروق سيد حسين
260 _aالقاهرة :
_bمكتبة الخانجى ،
_c1980
300 _a226 ص:
_bايض ؛
_c24 سم
490 _a
650 0 4 _aالراديو
650 0 4 _aالهندسة الكهربية
942 _2ddc
_cBK
999 _c52662
_d52662